01097nam a2200301 a 450000100060000000300080000600500170001400800410003103500190007204000420009104100080013308200260014110000310016724500880019825000120028626000560029830000330035449000290038750400200041665000350043665000440047165000310051570000340054683000450058094200120062599900170063795201410065443424BD-RjUL20211209053709.0160621r19601938nyua 001 0 eng  a(BD-RjUL)43542 aDLCcWSUdSERdUKMdEQOdBD-RjULbeng aeng a370.193218bCOS 19601 aCook, Lloyd Allen.913336212aA sociological approach to education /cLloyd Allen Cook [and] Elaine Forsyth Cook. a3rd ed. aNew York :bMcGraw-Hill Book Company, Inc.,cc1960. aix, 371 p. :bill. ;c24 cm.1 aFoundations in education aIncludes index. 0aEducational sociology.9133363 0aEducationxAims and objectives.9125546 0aSocial psychology.91333641 aCook, Elaine Forsyth.9133365 0aMcGraw-Hill series in education.9132903 2ddccBK c43424d43424 00102ddc40718NFICaRUCLbRUCLcReadingd1963-01-22eMirja bookg37.50l0o370.193 COS 1960r2016-06-21 00:00:00tC-1w2021-12-09yBK